| 000 | 01016nam a22002177a 4500 | ||
|---|---|---|---|
| 005 | 20220215111247.0 | ||
| 008 | 220214b ||||| |||| 00| 0 eng d | ||
| 020 | _a9781259072550 | ||
| 040 | _cAL | ||
| 041 | _aeng | ||
| 082 |
_223 _a150 _bFELP |
||
| 100 |
_aRobert S Feldman _919718 |
||
| 245 | _aPsychology and your life | ||
| 250 | _a2nd ed. | ||
| 260 |
_aMcGraw Hill _bNew York _c2013 |
||
| 300 |
_axlvii,621p. _bPB _c27.4x21.5cm. |
||
| 365 |
_2General _aABDI/0546/22 _b₹2246.25 _c₹ _d₹2995.00 _e25% _f07-02-2022 |
||
| 520 | _aChapter 1: Introduction to Psychology Chapter 2: Neuroscience and BehaviorChapter 3: Sensation and PerceptionChapter 4: States of ConsciousnessChapter 5: LearningChapter 6: Thinking, Memory, Cognition, and LanguageChapter 7: Motivation and EmotionChapter 8: DevelopmentChapter 9: Personality and Individual DifferencesChapter 10: Psychological DisordersChapter. 11: Treatment of Psychological DisordersChapter 12: Social Psychology | ||
| 650 | _2Psychology | ||
| 942 |
_2ddc _cBK |
||
| 999 |
_c221503 _d221503 |
||